Normal view
MARC view
- BORIE, JOHN A
Entry Personal Name
001 - CONTROL NUMBER
- control field: 67347
003 - CONTROL NUMBER IDENTIFIER
- control field: NUST
005 - DATE AND TIME OF LATEST TRANSACTION
- control field: 20210628203809.0
008 - FIXED-LENGTH DATA ELEMENTS
- fixed length control field: 210628|| aca||aabn | a|a d
040 ## - CATALOGING SOURCE
- Original cataloging agency: NUST
- Transcribing agency: NUST
100 ## - HEADING--PERSONAL NAME
- Personal name: BORIE, JOHN A
670 ## - SOURCE DATA FOUND
- Source citation: Work cat.: (NUST): BORIE, JOHN A, MODERN CONTROL SYSTEMS, A MANUAL OF DESIGN METHODS, 1986
